| 000 | 00407 a2200145 4500 | ||
|---|---|---|---|
| 999 |
_c3380 _d3380 |
||
| 020 | _a9780230006911 | ||
| 050 | _aHD 69 SEN 2007 | ||
| 100 | _aSense, Andrew | ||
| 245 |
_aCultivating learning within projects : _cAndrew Sense |
||
| 264 |
_aNew York : _bPalgrave Macmillan, _c2007 |
||
| 300 |
_axvii,200p. : _bill. |
||
| 500 | _aIncludes index | ||
| 650 | _aProject management. | ||
| 942 |
_2lcc _cBK _h69 _iSEN _kHD |
||